00919nam a2200181 u 450000100100000000500170001000800410002702000150006804000250008308200150010810000230012324502690014626000430041530000310045850001750048970000380066470000350070200002525220200930023648.0110209s2005 ck a r 000 | spa d a9590607667 aDO-SdBNPbspacBNPHU axxxbD536p1 aDi Cagno, Vittorio13aLa protección del medio ambiente en Cuba :buna nueva cultura de la naturaleza ; El legado de José Martí ; La ley cubana No. 81/97 del medio ambiente /cVittorio Di Cagno; edición y correción Javier Bertrán Martínez ; prólogo Eusebio Leal Spengler. aLa Habana :bCiencias Sociales,c2005. ax, 353 p. :bil. ;c19 cm. a"Edición provisional para la V Convención Internacional sobre Medio Ambiente y Desarrollo - Palacio de las Convenciones - La Habana - Cuba - 4 al 8 de julio de 2005."1 aBertrán Martínez, Javiereed.1 aLeal Spengler, Eusebioapról